| 000 | 00656cam a2200217 a 4500 | ||
|---|---|---|---|
| 001 | 4923577 | ||
| 005 | 20260422104207.0 | ||
| 008 | 950519s1996 nyua b 001 0 eng | ||
| 020 |
_a0070228167 _qalk. paper |
||
| 020 |
_a9780070228160 _q(alk. paper) |
||
| 050 | 0 | 0 |
_aP95 _b.G32 1996 |
| 082 | 0 | 0 |
_a302.2/242 _220 |
| 100 | 1 | _aGamble, Teri Kwal. | |
| 245 | 1 | 0 |
_aCommunication works / _cTeri Kwal Gamble, Michael Gamble. |
| 250 | _a5th ed. | ||
| 260 |
_aNew York : _bMcGraw-Hill, _cc1996. |
||
| 300 |
_axxxii, 542, 12 p. : _bill. (some col.) ; _c24 cm. |
||
| 650 | 0 | _aOral communication. | |
| 700 | 1 |
_aGamble, Michael, _d1943- |
|
| 942 |
_2lcc _cBK _e5th Ed. _n0 |
||
| 999 |
_c9394 _d9394 |
||